Responses for show #1527 - Tuesday, April 2, 1991

Contestants

[<< previous game]

Sharon Silverman, a freelance writer from West Chester, Pennsylvania

Scott Rand, a podiatrist from Marlton, New Jersey

Eric Miller, a bankruptcy attorney from Baltimore, Maryland (whose 1-day cash winnings total $5,800)

[next game >>]

Jeopardy! Round responses

STARTS WITH "WH"
FAMOUS NAMES
MOVIE TRIVIA
COMPOSERS
RELIGION
WORLD OF BEERS
(Alex: We'll give you the beers; you give us the country.)
    $100 3
the Whigs

Eric
    $100 25
Red

Scott
    $100 10
The Wizard of Oz

Sharon
    $100 8
Leonard

Sharon
    $100 15
rain

Sharon
    $100 1
Australia

Eric
    $200 4
Wham-O

Scott
    $200 26
Evel Knievel

Scott
    $200 20
Cary Grant

Eric
    $200 9
the Metropolitan Opera Company

Scott
    $200 16
(Scott: What's a monastery?)

a convent

ScottSharon
    $200 2
Japan

Scott
    $300 5
a Whatchamacallit

Sharon
    $1,000 27
Alf Landon

Scott
    $300 21
Yul Brynner

Scott
    $300 11
symphonies

Sharon
    $300 17
New York City

Scott
    $300 13
the Netherlands

Sharon
    $400 6
a whetstone

Scott
    $400 28
(Scott: Who is Edsel?)

(Henry J.) Kaiser

EricScott
    $400 22
Rain Man

Sharon
    $400 12
Vienna

Scott
    $400 23
(Jimmy) Swaggart

Eric
    $400 18
Greece

Scott
    $500 7
a whorl

Sharon
    $500 29
(Eric: Who is [*]?)
(Alex: No. Oh, I'm sorry, yes.)
[NOTE: There was no mention of first name, Edwin.]

Newman

Eric
    $500 30
Rear Window

Sharon
    $500 14
Rimsky-Korsakov

Triple Stumper
    $500 24
Romans

Sharon
    $500 19
Denmark

Scott

Scores at the first commercial break (after clue 16):

Eric Scott Sharon
$200 $1,200 $1,900

Scores at the end of the Jeopardy! Round:

Eric Scott Sharon
$1,700 $3,600 $3,300

Double Jeopardy! Round responses

HISTORY
WORLD LITERATURE
THE 50 STATES
PEOPLE
ARTISTS
LEAGUES
    $200 1
London

Sharon
    $200 22
Melville

Eric
    $200 2
Georgia

Scott
    $200 3
NOW (National Organization for Women)

Eric
    $200 16
Francis

Scott
    $200 13
the National and the American

Eric
    $400 4
(Scott: What is Byzantine?)

Byzantium

EricScott
    $400 23
Dr. Zhivago

Sharon
    $400 9
Idaho

Scott
    $400 6
Houston

Scott
    $400 30
Venus

Scott
    $400 14
the League of Women Voters

Scott
    $600 5
Prussia

Scott
    $600 24
(Scott: What is The Passion Play?)

Everyman

Scott
Triple Stumper
    $600 10
Oregon

Scott
    $800 7
Marlin Fitzwater

Scott
    $600 29
Rodin

Eric
    $600 15
the Jewish Defense League

Sharon
    $800 20
Vinland

Eric
    $1,500 25
(Sharon: Who is Frost?)

Carl Sandburg

Sharon
    $800 11
Arizona

Scott
    $800 8
(Eric: What is the United Nations?)

NATO

EricSharon
    $800 28
William Hogarth

Triple Stumper
    $800 17
the League of Nations

Sharon
    $1000 21
Nanking

Triple Stumper
    $1000 26
(Alex: Less than a minute to go.)

Francois Rabelais

Triple Stumper
    $1000 12
South Carolina

Triple Stumper
    $1000 18
Letitia

Eric
    $1000 27
Borglum

Eric
    $1000 19
(Scott: What is SEATO?)

the Arab League

Scott
Triple Stumper

Scores at the end of the Double Jeopardy! Round:

Eric Scott Sharon
$5,300 $6,400 $4,600

[wagering suggestions for these scores]

Final Jeopardy! Round responses

U.S. PRESIDENTS
SharonWho was Van Buren
$4,600
EricWho is Taylor?
$5,300
ScottWho is Andrew Jackson?
$4,201
Andrew Jackson

Final scores:

Eric Scott Sharon
$0 $10,601 $0
2nd place: Merillat oak modular shelving system & Smith Corona PWP 7000 laptop word processor + Jeopardy! home game or Jeopardy! Challenger New champion: $10,601 3rd place: Hotpoint washer & dryer + Jeopardy! home game or Jeopardy! Challenger

Game dynamics:

Coryat scores:

Eric Scott Sharon
$5,300 $5,500 $6,100
14 R,
1 W
22 R
(including 2 DDs),
5 W
16 R,
1 W
(including 1 DD)

Combined Coryat: $16,900

The J! Archive is created by fans, for fans. The Jeopardy! game show and all elements thereof, including but not limited to copyright and trademark thereto, are the property of Jeopardy Productions, Inc. and are protected under law. This website is not affiliated with, sponsored by, or operated by Jeopardy Productions, Inc. Join the discussion at JBoard.tv.